Online
Catalog
Normal view MARC view

Entry Nombre corporativo

Number of records used in: 3

001 - NÚMERO DE CONTROL

  • campo de control: 11708

003 - IDENTIFICADOR DEL NÚMERO DE CONTROL

  • campo de control: OSt

005 - FECHA Y HORA DE LA ÚLTIMA TRANSACCIÓN

  • campo de control: 20200615032337.0

008 - DATOS DE LONGITUD FIJA

  • campo de control de longitud fija: 200615|| aca||aabn | a|a d

040 ## - FUENTE DE LA CATALOGACIÓN

  • Centro catalogador/agencia de origen: OSt
  • Centro/agencia transcriptor: OSt

110 ## - ENCABEZAMIENTO-NOMBRE DE ENTIDAD CORPORATIVA

  • Nombre de entidad corporativa o nombre de jurisdicción como elemento de entrada: Biblioteca Nacional (República Dominicana)

670 ## - FUENTE DE DATOS ENCONTRADOS

  • Cita de la fuente: Work cat.: (OSt)3699: Ciclo de charlas con motivo del Año Internacional de la Mujer ( 1975 : Santo Domingo) 11702, Una evaluación de la situación de la mujer dominicana., 1975.

Powered by Koha